000
00214 a2200097 4500
001
43635
100
_a
Partridge
245
_a
Can use usage abusage
260
_a
London
_b
Hamish Hamilton
_c
090
_c
27447
_d
27447
942
_a
NUST-CAE
_c
M
_c
19388
999
_c
278708
_d
278708